Loading...
| Literature - European Literature | 0 | 6 | 0 | 0 | 60 | 38 | 79.67 | 4 | 6 |
| Literature - British Literature | 0 | 4 | 1 | 0 | 35 | 57 | 76.75 | 2 | 4 |
| Fine Arts - Other Fine Arts | 0 | 3 | 0 | 0 | 30 | 65 | 82.00 | 3 | 3 |
| Science - Biology | 0 | 2 | 0 | 1 | 20 | 73 | 75.50 | 1 | 2 |
| Fine Arts - Visual Fine Arts | 0 | 3 | 3 | 0 | 15 | 36 | 73.33 | 2 | 3 |
| Fine Arts - Classical Music | 0 | 1 | 0 | 1 | 10 | 131 | 131.00 | 0 | 0 |
| History - American History | 0 | 1 | 0 | 1 | 10 | 127 | 127.00 | 1 | 1 |
| Literature - World/Other Literature | 0 | 2 | 2 | 0 | 10 | 63 | 88.50 | 0 | 1 |
| Literature - American Literature | 0 | 1 | 1 | 0 | 5 | 89 | 89.00 | 0 | 1 |
| Mythology | 0 | 0 | 1 | 0 | -5 | 0.00 | 0 | 0 | |
| Geography/Current Events | 0 | 0 | 1 | 0 | -5 | 0.00 | 0 | 0 | |
| Social Science | 0 | 0 | 2 | 0 | -10 | 0.00 | 0 | 0 | |
| Science - Chemistry | 0 | 0 | 2 | 0 | -10 | 0.00 | 0 | 0 |